Support of Business Innovation in the Form of Tax Benefits for R&D of Entrepreneurs in Slovakia

Účinky daňových politík na inovácie s dôrazom na množstvo kanálov, prostredníctvom ktorých môžu politiky hrať úlohu. Hlavní aktéri v oblasti inovácií, inovačné vstupy a akcie a všeobecné a špecifické daňové politiky. Hrubé domáce výdavky na výskum a vývoj. Aplikácia odpočtu výdavkov na výskum a vývo...

Ausführliche Beschreibung

Gespeichert in:
Bibliographische Detailangaben
1. Verfasser: Jančičková, Lea, 1996-
Weitere Verfasser: Pakšiová, Renáta, 1974-
Format: Buchkapitel
Sprache:Englisch
Schlagworte:
Tags: Tag hinzufügen
Keine Tags, Fügen Sie das erste Tag hinzu!

MARC

LEADER 00000naa a2200000 4500
001 0277442
005 20240502083840.7
041 0 |a eng 
044 |a RS 
245 1 0 |a Support of Business Innovation in the Form of Tax Benefits for R&D of Entrepreneurs in Slovakia  |c Lea Jančičková, Renáta Pakšiová 
520 |a Účinky daňových politík na inovácie s dôrazom na množstvo kanálov, prostredníctvom ktorých môžu politiky hrať úlohu. Hlavní aktéri v oblasti inovácií, inovačné vstupy a akcie a všeobecné a špecifické daňové politiky. Hrubé domáce výdavky na výskum a vývoj. Aplikácia odpočtu výdavkov na výskum a vývoj v Slovenskej republike a odôvodnenie politiky verejnej podpory. Smernice budúceho výskumu. 
610 2 0 |a dane z príjmov 
610 2 0 |a odpočet dane 
610 2 0 |a výskum 
610 2 0 |a podnikatelia 
610 2 0 |a Slovensko 
100 1 |a Jančičková, Lea, 1996- 
700 1 |a Pakšiová, Renáta, 1974-